Udbhatasagara: (Record no. 63027)

000 -LEADER
fixed length control field 00436nam a22001577a 4500
082 ## - DEWEY DECIMAL CLASSIFICATION NUMBER
Classification number S 891.280 2
Item number PUR/U
100 ## - MAIN ENTRY--AUTHOR NAME
Personal name Purna Chandra De
245 ## - TITLE STATEMENT
Title Udbhatasagara:
Sub Title anthology of sanskrit epigrams/
Statement of responsibility, etc by Purna Chandra De (comp.)
260 ## - PUBLICATION, DISTRIBUTION, ETC. (IMPRINT)
Place of publication Delhi:
Name of publisher Sharada,
Year of publication 1993.
300 ## - PHYSICAL DESCRIPTION
Number of Pages 184p.
650 ## - SUBJECT ADDED ENTRY--TOPICAL TERM
Topical Term Epigrams Sanskrit
650 ## - SUBJECT ADDED ENTRY--TOPICAL TERM
Topical Term Literature Sanskrit
650 ## - SUBJECT ADDED ENTRY--TOPICAL TERM
Topical Term Literature
700 ## - ADDED ENTRY--PERSONAL NAME
Personal name Purna Chandra De (comp.)
942 ## - ADDED ENTRY ELEMENTS (KOHA)
Koha item type Book
Holdings
Withdrawn status Lost status Damaged status Not for loan Permanent Location Current Location Shelving location Date acquired Cost, normal purchase price Full call number Accession Number Price effective from Koha item type
        Sree Sankaracharya University of Sanskrit Sree Sankaracharya University of Sanskrit Stacks 24.10.2016 300.00 S 891.280 2 PUR/U 016922 24.10.2016 Book